Handbook Of Soil Fertility / by R.K. Kaleeswari, R. Rageswari and J. Prabharan (Record no. 52237)

MARC details
000 -LEADER
fixed length control field 00595nam a22001817a 4500
003 - CONTROL NUMBER IDENTIFIER
control field OSt
008 - FIXED-LENGTH DATA ELEMENTS--GENERAL INFORMATION
fixed length control field 260623b |||||||| |||| 00| 0 eng d
020 ## - INTERNATIONAL STANDARD BOOK NUMBER
International Standard Book Number 9789381226551
082 ## - DEWEY DECIMAL CLASSIFICATION NUMBER
Classification number 631.42
Item number K11H
100 ## - MAIN ENTRY--PERSONAL NAME
Personal name Kaleeswari, R.K.
245 ## - TITLE STATEMENT
Title Handbook Of Soil Fertility / by R.K. Kaleeswari, R. Rageswari and J. Prabharan
260 ## - PUBLICATION, DISTRIBUTION, ETC. (IMPRINT)
Place of publication, distribution, etc Delhi :
Name of publisher, distributor, etc Satish Serial Publishing House,
Date of publication, distribution, etc 2013
300 ## - PHYSICAL DESCRIPTION
Extent vii, 149 p.
650 ## - SUBJECT ADDED ENTRY--TOPICAL TERM
Topical term or geographic name as entry element Agriculture and related technologies | Technology (Applied sciences) | Soil Fertility
700 ## - ADDED ENTRY--PERSONAL NAME
Personal name Prabhaharan, J
700 ## - ADDED ENTRY--PERSONAL NAME
Personal name Rajeswari, R
942 ## - ADDED ENTRY ELEMENTS (KOHA)
Source of classification or shelving scheme
Koha item type Books
Holdings
Withdrawn status Lost status Source of classification or shelving scheme Damaged status Not for loan Home library Current library Shelving location Date acquired Source of acquisition Cost, normal purchase price Total Checkouts Full call number Barcode Date last seen Bill Date Koha item type Bill Number
          Dr. Rajendra Prasad Central Agricultural University Pusa, Dr. Rajendra Prasad Central Agricultural University Pusa, General Stacks 23/06/2026 IBPSS 1550.00   631.42 K11H R14H 87098 23/06/2026 28/01/2026 Books Invoice No. IBPS/021/2025-26
Hosted, Implemented, Customized & Maintained by: BestBookBuddies

Powered by Koha